[Event "Botvinnik 100th Open"]
[Site "St Petersburg RUS"]
[Date "2011.08.16"]
[Round "5"]
[White "Sichinava,Z"]
[Black "Iljin,T"]
[Result "1/2-1/2"]
[WhiteElo "2364"]
[BlackElo "2504"]

1.d4 Nf6 2.c4 e6 3.g3 d5 4.Nf3 Be7 5.Bg2 O-O 6.O-O Nbd7 7.Qc2 c6 8.Nbd2 b6
9.e4 Bb7 10.e5 Ne8 11.cxd5 cxd5 12.h4 Rc8 13.Qd3 Nc7 14.Re1 Ba6 15.Qe3 b5
16.Nf1 b4 17.N1h2 Nb5 18.Bf1 Qb6 19.Bd3 Rc4 20.a4 bxa3 21.bxa3 Rc3 22.Rb1 Qc6
23.Ng5 Bxg5 24.hxg5 Nxa3 25.Bxa3 Rxd3 26.Qc1 Qxc1 27.Bxc1 Rxd4 28.Ra1 Bb5
29.Rxa7 Rc8 30.Bf4 Kf8 31.Rb1 Ra4 32.Rxa4 Bxa4 33.Nf3 Ke8 34.Be3 Rc4 35.Nd2 Rc2
36.Nf3 Rc4 37.Nd2 Rc3 38.Ra1 Bc6 39.Nf3 d4 40.Nxd4 Nxe5 41.Nxc6 Rxc6 42.Ra8+ Ke7
43.Rh8 Ng4 44.Bd2 h6 45.gxh6 gxh6 46.Bxh6 Rc2 47.f3  1/2-1/2

[Event "Botvinnik 100th Open"]
[Site "St Petersburg RUS"]
[Date "2011.08.16"]
[Round "5"]
[White "Baryshpolets,A"]
[Black "Zvjaginsev,V"]
[Result "1/2-1/2"]
[WhiteElo "2474"]
[BlackElo "2659"]

1.d4 e6 2.c4 Nf6 3.Nf3 d5 4.g3 Be7 5.Bg2 O-O 6.O-O c5 7.cxd5 exd5 8.Nc3 Be6
9.dxc5 Bxc5 10.Bg5 Nbd7 11.Rc1 h6 12.Bxf6 Nxf6 13.Nd4 Rc8 14.e3 Bxd4 15.Qxd4 Qa5
16.Qd3 Rc6 17.Rfd1 Rfc8 18.Qb1 Qb6 19.h3 g6 20.Ne2 Bf5 21.Qa1 Bc2 22.Rd4 Be4
23.Nc3 Bxg2 24.Kxg2 Rc4 25.Rcd1 Rxd4 26.Rxd4 Rc4 27.Nxd5 Qc6 28.e4 Nxd5 29.exd5 Qc5
30.Rxc4 Qxd5+ 31.Kg1 Qxc4 32.b3 Qc2 33.Qe5 Qxa2 34.Qb8+ Kg7 35.Qxb7 a5 36.Kg2 a4
37.bxa4 Qxa4 38.h4 Qd4 39.Qf3 h5 40.Qc6 Qe5  1/2-1/2

[Event "Stockholm Open"]
[Site "Stockholm SWE"]
[Date "2011.08.17"]
[Round "5"]
[White "Nilsson,O"]
[Black "Hammarstrom,U"]
[Result "1/2-1/2"]
[WhiteElo "2138"]
[BlackElo "2176"]

1.c4 e6 2.Nf3 Nf6 3.g3 d5 4.Bg2 Be7 5.d4 O-O 6.b3 b6 7.O-O Bb7 8.Nbd2 c5
9.Bb2 dxc4 10.Nxc4 cxd4 11.Qxd4 Qxd4 12.Nxd4 Bxg2 13.Kxg2 Rc8 14.Rfd1 Nc6
15.Rac1 Nxd4 16.Bxd4 Nd5 17.Bb2 Nb4 18.a3 Na6 19.b4 Rd8 20.Rxd8+ Rxd8 21.Ne5 Bf6
22.Rc2 Bxe5 23.Bxe5 f6 24.Bb2 Kf7 25.Kf3 e5 26.e4 Rd3+ 27.Ke2 Rb3 28.Bc1 Nb8
29.Rc7+ Kg6 30.Rc8 Na6 31.Kd2 Rf3 32.Ke2 Rb3 33.Kd2 Rf3 34.Ke2 Rb3  1/2-1/2

[Event "Malaysian Open"]
[Site "Kuala Lumpur MAS"]
[Date "2011.08.18"]
[Round "2.31"]
[White "Shinoda,Taro"]
[Black "Li,P"]
[Result "0-1"]
[WhiteElo "1897"]
[BlackElo "2135"]

1.d4 d5 2.c4 e6 3.Nf3 Be7 4.g3 Nf6 5.Bg2 O-O 6.O-O dxc4 7.Qc2 a6 8.Qxc4 b5
9.Qc2 Bb7 10.Bd2 Be4 11.Qc1 Nbd7 12.Ba5 Rc8 13.Nbd2 Ba8 14.Rd1 Qe8 15.b4 Nd5
16.a3 f5 17.Ra2 Bd6 18.Rc2 N5b6 19.e3 Qh5 20.Ne1 Bxg2 21.Nxg2 Rce8 22.Nf4 Qf7
23.Nd3 Nd5 24.Nf3 Qh5 25.Nfe5 N7f6 26.Nf4 Qh6 27.Nxd5 Nxd5 28.Nd7 Rf7 29.Nc5 Bxc5
30.Rxc5 Ree7 31.Rc6 Qh5 32.Rxa6 Nc3 33.Rd2 Ne2+ 34.Rxe2 Qxe2 35.Ra8+ Rf8
36.Rxf8+ Kxf8 37.Bxc7 Qc4 38.Qxc4 bxc4 39.Bf4 Ra7 40.b5 Ke7 41.Kf1 Rxa3 42.Ke1 Rb3
43.Kd2 Rxb5 44.Kc3 Rb1 45.Kxc4 Rf1 46.Be5 g5 47.h4 gxh4 48.gxh4 Rxf2 49.Bf4 Kf6
50.Kc5 Ke7 51.Bd6+ Kd7 52.Bf4 Rc2+ 53.Kb4 Kc6 54.h5 Kd5 55.Kb3 Rc8 56.h6 Ke4
57.Kb2 Kd3 58.Kb3 Rc4 59.Bg5 Rc2 60.Bf4 Re2  0-1

[Event "27th Faaker See Open"]
[Site "Latschach AUT"]
[Date "2011.08.18"]
[Round "7"]
[White "Kaid,A"]
[Black "Keller,M1"]
[Result "1/2-1/2"]
[WhiteElo "2270"]
[BlackElo "2178"]

1.c4 e6 2.g3 d5 3.Bg2 Nf6 4.Nf3 Be7 5.d4 O-O 6.Qc2 c5 7.dxc5 Qa5+ 8.Nbd2 Qxc5
9.a3 dxc4 10.Qxc4 Nc6 11.Qxc5 Bxc5 12.b4 Bd4 13.Ra2 e5 14.e3 Bc3 15.Rc2 Bxd2+
16.Nxd2 Bf5 17.Rc3 Rac8 18.Bb2 Rfd8 19.h3 Bd3 20.g4 h6 21.Bxc6 bxc6 22.f3 e4
23.fxe4 Nxe4 24.Nxe4 Bxe4 25.Rh2 Bf3 26.Kf2 Rd2+ 27.Kg3 Rxh2 28.Kxh2 Rd8
29.Kg3 Bd5 30.Rc5 a6 31.h4 Re8 32.Bd4 f6 33.Ra5 Bc4 34.g5 hxg5 35.hxg5 Kf7
36.Kf4 Bd3 37.Rc5 Re4+ 38.Kf3 Re6 39.gxf6  1/2-1/2

[Event "26th Universiade Men"]
[Site "Shenzhen CHN"]
[Date "2011.08.18"]
[Round "6"]
[White "Wang Yue"]
[Black "Wang Hao"]
[Result "1/2-1/2"]
[WhiteElo "2709"]
[BlackElo "2718"]

1.d4 Nf6 2.c4 e6 3.g3 d5 4.Nf3 Be7 5.Bg2 O-O 6.O-O dxc4 7.Qc2 a6 8.a4 Bd7
9.Qxc4 Bc6 10.Bf4 a5 11.Nc3 Na6 12.Rac1 Nb4 13.Ne5 Bxg2 14.Kxg2 Nfd5 15.Nxd5 Nxd5
16.Bd2 c6 17.e4 Nb6 18.Qb3 Qxd4 19.Nf3 Qd8 20.Rfd1 Ra6 21.Bxa5 Qc7 22.Qc3 Rfa8
23.Bxb6 Rxb6 24.Rd4 Rd8 25.Rcd1 Rxd4 26.Rxd4 c5 27.b4 Rc6 28.bxc5 Rxc5 29.Qd3 Qc8
30.Rd7 Rc7 31.Rxc7 Qxc7 32.Qb5 g6 33.Ne5 Bc5 34.Ng4 Bd4 35.Qd3 Qc5 36.e5 h5
37.Nf6+ Kg7 38.f4 Qc6+ 39.Qe4  1/2-1/2

[Event "Malaysian Open"]
[Site "Kuala Lumpur MAS"]
[Date "2011.08.19"]
[Round "3.14"]
[White "Wallis,C"]
[Black "Irwanto,S"]
[Result "0-1"]
[WhiteElo "2287"]
[BlackElo "2417"]

1.d4 d5 2.c4 e6 3.Nf3 Nf6 4.g3 Be7 5.Bg2 O-O 6.O-O dxc4 7.Qc2 a6 8.Qxc4 b5
9.Qc2 Bb7 10.Bd2 Be4 11.Qc1 Qc8 12.Bg5 c5 13.Bxf6 Bxf6 14.Qf4 Qb7 15.Nbd2 Bc6
16.dxc5 Bxb2 17.Rab1 Bf6 18.Nc4 Bd8 19.Rfd1 Bc7 20.Nd6 Qa7 21.Rbc1 Nd7 22.Qh4 h6
23.Qh5 Rad8 24.Ne5 Nxe5 25.Qxe5 Bxg2 26.Kxg2 Qb8 27.Rd4 Kh8 28.Rcd1 Bxd6
29.Rxd6 Rxd6 30.Rxd6 Rc8 31.Qd4 Qc7 32.c6 Rb8 33.f3 b4 34.Rd7 Qxc6 35.Rxf7 Qc3
36.Qe4 a5 37.Qxe6 a4 38.Qd6 Rg8 39.Rb7 Qc4 40.Kf2 Re8 41.Qd3 Qc5+ 42.Kg2 Qe5
43.Kf2 b3 44.axb3 a3 45.Qa6 Qb2 46.Ra7 a2 47.Ra8 Rxa8 48.Qxa8+ Kh7 49.Qe4+ g6  0-1

[Event "10th Lichtenberger Sommer"]
[Site "Berlin GER"]
[Date "2011.08.20"]
[Round "8.69"]
[White "Mueller,Ac2"]
[Black "Ollek,K"]
[Result "1/2-1/2"]
[WhiteElo "2074"]
[BlackElo "1803"]

1.d4 Nf6 2.c4 e6 3.g3 Be7 4.Bg2 d5 5.Nf3 O-O 6.O-O c6 7.Nbd2 Nbd7 8.Qc2 b6
9.b3 Bb7 10.Bb2 Rc8 11.Ne5 Ne8 12.Rad1 f6 13.Nxd7 Qxd7 14.Rfe1 f5 15.Nf3 Bb4
16.Rf1 Qe7 17.Ne5 g5 18.e3 Nf6 19.f3 a5 20.Rf2 Bd6 21.Qb1 h5  1/2-1/2

[Event "II Sinus IM"]
[Site "Budapest HUN"]
[Date "2011.08.20"]
[Round "1"]
[White "Chetverik,M"]
[Black "Roos,J"]
[Result "1/2-1/2"]
[WhiteElo "2296"]
[BlackElo "2207"]

1.d4 e6 2.c4 Nf6 3.Nf3 d5 4.g3 Be7 5.Bg2 O-O 6.O-O Nbd7 7.Qb3 c6 8.Nc3 b6
9.Bf4 Bb7 10.cxd5 cxd5 11.Rfc1 Nh5 12.Bd2 Nhf6 13.a4 a6 14.a5 b5 15.Na2 Ne4
16.Nb4 Rc8 17.Rxc8 Qxc8 18.Nd3 Nxd2 19.Nxd2 Qc7 20.Qd1 Bf6 21.Nb3 Rc8 22.Rc1 Qd8
23.Ndc5 Rc7 24.Nxb7 Rxb7 25.Qc2 g6 26.e4 dxe4 27.Bxe4 Ra7 28.Qc6 Kg7 29.Rd1 Qc7
30.Rc1 Qd8 31.Kg2 Qe7 32.Ra1 Qb4 33.Qc2  1/2-1/2

[Event "4th Jessie Gilbert Open"]
[Site "Coulsdon ENG"]
[Date "2011.08.20"]
[Round "1"]
[White "Matuszewski,Mi"]
[Black "O'Toole,G"]
[Result "0-1"]
[WhiteElo "2325"]
[BlackElo "2185"]

1.d4 d5 2.c4 e6 3.Nf3 Nf6 4.g3 Be7 5.Bg2 O-O 6.O-O dxc4 7.Qc2 a6 8.a4 Bd7
9.Qxc4 Bc6 10.Bg5 Nbd7 11.Nc3 Rc8 12.Rfe1 Ne4 13.Bxe7 Qxe7 14.d5 Nd6 15.Qa2 Bxd5
16.Nxd5 exd5 17.Qxd5 Nf6 18.Qc5 Nfe4 19.Qc2 Rfe8 20.Rac1 Nxf2 21.e3 Ng4 22.Bh3 h5
23.Qc5 Qe4 24.Nd2 Qg6 25.Nf3 Ne4 26.Qc2 Qf6 27.Qe2 Nef2 28.Bxg4 Nxg4 29.Rc3 Qb6
30.Kg2 Re7 31.h3 Nf6 32.Nd4 Rce8 33.Qf3 Qxb2+ 34.Rc2 Qb4 35.Ree2 Qxa4 36.Rc5 Qd7
37.Rg5 Qxd4  0-1

[Event "Malaysian Open"]
[Site "Kuala Lumpur MAS"]
[Date "2011.08.20"]
[Round "4.42"]
[White "Zelesco,Karl"]
[Black "Yong,Han Shawn"]
[Result "0-1"]
[WhiteElo "2013"]
[BlackElo "1824"]

1.d4 Nf6 2.c4 e6 3.g3 d5 4.Nf3 Be7 5.Bg2 O-O 6.O-O c6 7.Qc2 Nbd7 8.b3 b6
9.Bb2 Ba6 10.Nbd2 b5 11.c5 b4 12.Rfe1 Bb5 13.e4 dxe4 14.Nxe4 Nxe4 15.Qxe4 Nf6
16.Qc2 Nd5 17.Ne5 Bf6 18.Nc4 Qc7 19.Nd6 Rab8 20.a3 Be7 21.Bxd5 cxd5 22.Nxb5 Rxb5
23.axb4 Rxb4 24.Bc3 Rb5 25.Ra6 Bf6 26.f4 Qb7 27.Ra3 Rb8 28.b4 Rxb4 29.Qd2 Rb1
30.Ra1 Rxe1+ 31.Qxe1 g6 32.Ra3 Kg7 33.Qa1 Ra8 34.Ra6 Qb5 35.Ra3 Qd3 36.Bb2 Qe4
37.Rb3 h5 38.Qd1 h4 39.Qd3 Qe1+ 40.Qf1 Qa5 41.g4 Qd2 42.Qc1 Bxd4+ 43.Bxd4+ Qxd4+
44.Kf1 Rc8 45.Qc3 Qxc3 46.Rxc3 Kf6 47.Ke2 e5 48.fxe5+ Kxe5 49.Kd3 a5 50.h3 g5
51.Rc2 a4 52.Re2+ Kf4 53.Kd4 a3 54.Kxd5 Ra8 55.Ra2 Kg3 56.c6 Kxh3 57.c7 Kxg4
58.Rxa3 Rc8 59.Kc6 f5 60.Kd7 Rxc7+ 61.Kxc7 h3 62.Kd6 f4 63.Ke5 h2 64.Ra1 Kg3
65.Ke4 f3 66.Ke3 g4 67.Rf1 Kg2 68.Rf2+ Kg1 69.Ra2 h1=Q 70.Ra1+ Kh2 71.Rxh1+ Kxh1
72.Kf4 f2 73.Kxg4 f1=Q  0-1

[Event "Malaysian Open"]
[Site "Kuala Lumpur MAS"]
[Date "2011.08.20"]
[Round "5.25"]
[White "Wallis,C"]
[Black "Lee,Ka"]
[Result "1/2-1/2"]
[WhiteElo "2287"]
[BlackElo "2008"]

1.d4 d5 2.c4 e6 3.Nf3 Nf6 4.g3 Be7 5.Bg2 O-O 6.O-O c5 7.cxd5 exd5 8.Nc3 cxd4
9.Nxd4 Nc6 10.Bg5 h6 11.Be3 Re8 12.Rc1 Bf8 13.Nxc6 bxc6 14.Na4 Bd7 15.Bc5 Bxc5
16.Nxc5 Rb8 17.Qd2 Bg4 18.e3 Qb6 19.f3 Bf5 20.b3 Nd7 21.Qd4 Qa5 22.e4 Rb4
23.Qf2 Be6 24.f4 Nxc5 25.Rxc5 Rb5 26.Rxb5 Qxb5 27.f5 Bc8 28.exd5 cxd5 29.f6 Be6
30.Qxa7 g5 31.Qd4 Rc8 32.h4 Rc2 33.Rf2 Rxf2 34.Kxf2 Qc6 35.Kg1 Qc1+ 36.Kh2 Qc2
37.hxg5 hxg5 38.Qe5 Qh7+ 39.Kg1 Qb1+ 40.Bf1 Qc1 41.Kf2 Qd2+ 42.Be2 d4 43.Qe4 Qb2
44.Qa8+ Kh7 45.Qf8 Kg6 46.Qg7+ Kf5 47.Qh7+ Ke5 48.Qh6 Qd2 49.Qf8 Qe3+ 50.Ke1 Qxg3+
51.Kd1 Qg1+ 52.Kd2 Qe3+ 53.Kd1 Qg1+ 54.Kd2 Qe3+ 55.Kd1 Qg1+  1/2-1/2

[Event "Manhattan Open"]
[Site "New York USA"]
[Date "2011.08.20"]
[Round "7"]
[White "Helfst,Matt D"]
[Black "Dadello,An"]
[Result "1/2-1/2"]
[WhiteElo "1971"]
[BlackElo "1799"]

1.d4 d5 2.Nf3 Nf6 3.c4 e6 4.g3 Be7 5.Bg2 Nbd7 6.O-O O-O 7.Qc2 Re8 8.Nbd2 c6
9.b3 Bd6 10.Bb2 e5 11.dxe5 Nxe5 12.Rfd1 Qe7 13.Re1 Bg4 14.Nxe5 Bxe5 15.Bxe5 Qxe5
16.cxd5 Nxd5 17.Nc4 Qh5 18.f3 Bh3 19.e4 Bxg2 20.Kxg2 Nf6 21.Rad1 Red8 22.Nd6 Rd7
23.Rd2 Qe5 24.Red1 h6 25.f4 Qh5 26.h3 Rad8 27.Rd3 Qg6 28.Nf5 Nd5 29.Qf2 Kh7
30.exd5 Qxf5 31.d6 Qe4+ 32.Kg1 b6 33.Re3 Qb4 34.Qc2+ g6 35.Qxc6 Rxd6 36.Rxd6 Rxd6
37.Qc4 Qxc4 38.bxc4 Rd1+ 39.Kf2 Rd2+ 40.Re2 Rd7  1/2-1/2

[Event "31st Presolana Open"]
[Site "Presolana ITA"]
[Date "2011.08.20"]
[Round "1"]
[White "Arvola,B"]
[Black "Horvath,Jo1"]
[Result "1/2-1/2"]
[WhiteElo "2207"]
[BlackElo "2535"]

1.d4 e6 2.g3 Nf6 3.Bg2 d5 4.Nf3 Be7 5.c4 O-O 6.O-O c6 7.b3 Nbd7 8.Bb2 b6
9.Nbd2 Bb7 10.Qc2 Rc8 11.Rad1 Qc7 12.Rfe1 c5 13.cxd5 Nxd5 14.e4 Nb4 15.Qb1 Ba6
16.Nc4 Bxc4 17.bxc4 cxd4 18.Nxd4 Ne5 19.Nb5 Qxc4 20.Nxa7 Ra8 21.Bxe5 Rxa7
22.Bd4 Bc5 23.Bxc5 bxc5 24.Qb3 Qxb3 25.axb3 Nc2 26.Re2 Nd4 27.Rb2 Rb7 28.Rc1 Nxb3
29.Rc3 Rfb8 30.Bf3 Kf8 31.Kg2 Rb4 32.Ra2 R8b7 33.Bd1 c4 34.Ra8+ Ke7 35.Rc8 Rd7
36.Be2 Nd2 37.e5 Rb5 38.Bxc4 Rxe5 39.Bd3 Red5 40.Bc2 g6 41.Ba4 Ra7 42.Bc6 Rd4
43.Rc2 h5 44.h4 Nc4 45.Bf3 Nd6 46.Rb8 e5 47.Rb6 e4 48.Be2 Nf5 49.Rcb2 e3
50.fxe3 Nxe3+ 51.Kf2 Nf5 52.Rb7+ Rxb7 53.Rxb7+ Kf6 54.Rb6+ Nd6 55.Ra6 Ke5
56.Ra5+ Ke6 57.Ke3 Re4+ 58.Kf3 Rb4 59.Ra3 Rb2 60.Bd3 Ke5 61.Ke3 Rb8 62.Ra5+ Kf6
63.Ra6 Ke5 64.Ra5+ Kf6 65.Ra6 Re8+ 66.Kf4 Re6 67.Ra7 Re5 68.Ra6 Rd5 69.Ra3 Ke6
70.Be2 Rf5+ 71.Ke3 Re5+ 72.Kf3 Nf5 73.Bd3 Nd4+ 74.Kf4 Rc5 75.Ra6+ Ke7 76.Ke4 Nf5
77.Kf4 Nxg3 78.Ra7+ Ke6 79.Ra6+ Ke7 80.Ra7+ Ke6 81.Ra6+ Kd5 82.Bxg6 Rc4+
83.Kxg3 Rg4+ 84.Kh3 fxg6 85.Ra5+ Ke6 86.Ra6+ Kf5 87.Ra5+ Kf6 88.Ra6+ Kg7
89.Ra7+ Kh6 90.Ra3 Rf4 91.Kg3 Re4 92.Rb3 Rg4+ 93.Kh3 Rd4 94.Kg3 Kg7 95.Rf3 Rd6
96.Kh3 Rf6 97.Ra3 Rf5 98.Kg3 Re5 99.Rf3 Re1 100.Kh3 Rh1+ 101.Kg3 Rg1+ 102.Kh3 Rd1
103.Kg3 Rd7 104.Kh3 Rf7 105.Ra3 Kf6 106.Ra6+ Kf5 107.Ra5+ Ke4 108.Ra4+ Ke3
109.Ra3+ Kf2 110.Ra2+ Ke3  1/2-1/2

[Event "31st Presolana Open"]
[Site "Presolana ITA"]
[Date "2011.08.20"]
[Round "1"]
[White "Salmoiraghi,A"]
[Black "Recuero Guerra,D"]
[Result "1/2-1/2"]
[WhiteElo "2152"]
[BlackElo "2441"]

1.d4 Nf6 2.c4 e6 3.g3 d5 4.Nf3 Be7 5.Bg2 O-O 6.O-O c6 7.Nbd2 b6 8.Qc2 Bb7
9.Ne5 Nbd7 10.Nd3 Rc8 11.Rd1 c5 12.dxc5 Nxc5 13.b3 Nxd3 14.exd3 Qc7 15.Bb2 Rfd8
16.Rac1 b5 17.Qb1 dxc4 18.Bxb7 Qxb7 19.dxc4 Ng4 20.Qe4 Qxe4 21.Nxe4 Rxd1+
22.Rxd1 bxc4 23.h3 Nf6 24.Nxf6+ Bxf6 25.Bxf6 gxf6 26.Rc1  1/2-1/2

[Event "10th Lichtenberger Sommer"]
[Site "Berlin GER"]
[Date "2011.08.21"]
[Round "9.11"]
[White "Zschaebitz,K"]
[Black "Sevian,A"]
[Result "0-1"]
[WhiteElo "2088"]
[BlackElo "2208"]

1.d4 Nf6 2.c4 e6 3.g3 d5 4.Bg2 Be7 5.Nf3 O-O 6.O-O c6 7.Nc3 Nbd7 8.Ne5 Nxe5
9.dxe5 Nd7 10.cxd5 cxd5 11.e4 dxe4 12.Nxe4 Nxe5 13.Qc2 f5 14.Rd1 Qa5 15.Bd2 Qb5
16.Qc7 Bd8 17.Qc5 Qxc5 18.Nxc5 Bb6 19.b4 Nc6 20.Rac1 Nd4 21.Kf1 Bxc5 22.Rxc5 b6
23.Rc7 Ba6+ 24.Ke1 Rad8 25.Bg5 e5 26.Bxd8 Rxd8 27.Bb7 Bb5 28.Rc8 Rxc8  0-1

[Event "10th Lichtenberger Sommer"]
[Site "Berlin GER"]
[Date "2011.08.21"]
[Round "9.17"]
[White "Lerch,Ph"]
[Black "Kapr,K"]
[Result "1/2-1/2"]
[WhiteElo "2078"]
[BlackElo "2058"]

1.d4 d5 2.c4 e6 3.Nf3 Nf6 4.g3 Be7 5.Bg2 O-O 6.O-O c6 7.Nc3 Nbd7 8.Nd2 b6
9.e4 dxc4 10.a4 Bb7 11.Nxc4 Ba6 12.b3 Bb4 13.Bb2 Rc8 14.Qc2 Qe7 15.Na2 c5
16.d5 Bxc4 17.bxc4 exd5 18.exd5 Ne5 19.h3 Nfd7 20.Be4 Nf6 21.Bg2 Rfe8 22.Rad1 Rcd8
23.Qb3 a5 24.Nc3 Bxc3 25.Bxc3 Qd6 26.f4 Ned7 27.Rfe1 Rxe1+ 28.Rxe1 Re8 29.Qd1 Rxe1+
30.Qxe1 Nh5 31.Qe8+ Nf8 32.Qe3 f6 33.Bd2 g6 34.g4 Ng7 35.Qb3 Ne8 36.Qe3 Kf7
37.g5 f5 38.Bc3 Qe7 39.Be5 Nd6 40.Qc3 Nd7 41.h4 Ne8 42.Qb2 Nd6 43.Kf2  1/2-1/2

[Event "20th Kaerntner Chess Summer"]
[Site "Feffernitz AUT"]
[Date "2011.08.21"]
[Round "1"]
[White "Arztmann,Robert"]
[Black "Drnovsek,G"]
[Result "0-1"]
[WhiteElo "1620"]
[BlackElo "2021"]

1.d4 Nf6 2.Nf3 e6 3.c4 d5 4.g3 Be7 5.Bg2 O-O 6.O-O b6 7.Qc2 Bb7 8.cxd5 exd5
9.Nc3 Nbd7 10.Re1 c5 11.e3 c4 12.b3 Rc8 13.Bb2 Bb4 14.Rec1 Ne4 15.Nd2 cxb3
16.Qxb3 Bxc3 17.Bxc3 Rxc3 18.Rxc3 Nxd2 19.Qc2 Ne4 20.Rc7 Ndc5 21.Rxb7 Nxb7
22.Bxe4 dxe4 23.Qxe4 Qc7 24.Rd1 Rc8 25.d5 Nd6 26.Qa4 Qc2 27.Rd4 Qxa4 28.Rxa4 a5
29.Kg2 Kf8 30.Kf3 Ke7 31.Rd4 b5 32.Rd2 Rc5 33.Ke2 b4 34.f3 a4 35.e4 f6 36.Ke3 Rc3+
37.Rd3 Nc4+ 38.Kd4 Rxd3+ 39.Kxd3 b3 40.axb3 a3 41.bxc4 a2 42.c5 a1=Q 43.c6 Kd6
44.f4 Qa3+ 45.Kd4 Qb4+ 46.Ke3 Qc3+ 47.Kf2 Qd4+ 48.Kf3 Qd3+  0-1

[Event "Shepetivka Open"]
[Site "Shepetivka UKR"]
[Date "2011.08.21"]
[Round "9.13"]
[White "Polulikh,Bogdan"]
[Black "Gavriliuk,A"]
[Result "1-0"]
[WhiteElo "1848"]
[BlackElo "1864"]

1.d4 Nf6 2.c4 e6 3.g3 d5 4.Bg2 Be7 5.Nf3 O-O 6.Nbd2 c5 7.O-O Nc6 8.dxc5 Bxc5
9.cxd5 exd5 10.Nb3 Be7 11.Bf4 Bg4 12.Ne5 Be6 13.Nxc6 bxc6 14.Rc1 Qb6 15.Qc2 Rac8
16.Be3 Qc7 17.Bc5 Rfe8 18.Nd4 Bd7 19.b4 Bd6 20.Bxd6 Qxd6 21.Qc5 Qb8 22.Rc2 Ne4
23.Bxe4 Rxe4 24.Rfc1 Rg4 25.b5 Rg6 26.bxc6 Be6 27.c7 Qb7 28.Nc6 Rxc7 29.Ne7+ Rxe7
30.Qc8+  1-0

[Event "31st Presolana Open"]
[Site "Presolana ITA"]
[Date "2011.08.22"]
[Round "3"]
[White "Horvath,Cs1"]
[Black "Bellia,F"]
[Result "1-0"]
[WhiteElo "2517"]
[BlackElo "2424"]

1.d4 d5 2.c4 e6 3.Nf3 Nf6 4.g3 Be7 5.Bg2 O-O 6.Qc2 c6 7.O-O b6 8.b3 Bb7 9.Rd1 Na6
10.Nc3 Qc8 11.e3 c5 12.Qe2 cxd4 13.exd4 Bb4 14.Bb2 dxc4 15.bxc4 Bxc3 16.Bxc3 b5
17.d5 Nxd5 18.cxd5 Qxc3 19.dxe6 fxe6 20.Qxe6+ Kh8 21.Ne5 Bxg2 22.Kxg2 Rf6
23.Qe7 Qc5 24.Qxc5 Nxc5 25.Rac1 Ne4 26.f3 Ng5 27.Rd7 Ra6 28.Rc2 h6 29.h4 Ne6
30.f4 Re8 31.Nf7+ Kg8 32.Nd6 Rb8 33.Nc8 Nf8 34.Re7 Ng6 35.Re8+ Kh7 36.h5 Nh8
37.Re7 Rf6 38.Rcc7 Rf7 39.Nxa7 Rxe7 40.Rxe7 b4 41.Nc6 Rb6 42.Nd4 Rf6 43.Rb7 Ra6
44.Nf5 Rxa2+ 45.Kh3 Kg8 46.Rxg7+ Kf8 47.Rb7 Ra5 48.Kg4  1-0

[Event "3rd Senica Open"]
[Site "Senica SVK"]
[Date "2011.08.22"]
[Round "2.10"]
[White "Danada,T"]
[Black "Vogel,Ja"]
[Result "1-0"]
[WhiteElo "1960"]
[BlackElo "2221"]

1.d4 e6 2.c4 Nf6 3.g3 d5 4.Bg2 Be7 5.Nf3 O-O 6.O-O c5 7.Nc3 cxd4 8.Nxd4 e5
9.Nb3 d4 10.Nd5 Nc6 11.e3 Bg4 12.Nxf6+  1-0

[Event "31st Presolana Open"]
[Site "Presolana ITA"]
[Date "2011.08.23"]
[Round "4.4"]
[White "Arun Prasad,S"]
[Black "Panchanathan,M"]
[Result "1/2-1/2"]
[WhiteElo "2489"]
[BlackElo "2556"]

1.d4 Nf6 2.c4 e6 3.g3 d5 4.Nf3 Be7 5.Bg2 O-O 6.O-O dxc4 7.Qa4 a6 8.Qxc4 b5
9.Qc2 Bb7 10.Bd2 Bd6 11.Bg5 Nbd7 12.Nbd2 Rc8 13.Nb3 c5 14.Bxf6 Qxf6 15.Ne5 cxd4
16.Nxd7 Qd8 17.Qxc8 Qxc8 18.Nxf8 Bxg2 19.Kxg2 e5 20.Nxh7 Kxh7 21.Rac1 Qa8+
22.f3 a5 23.a3 a4 24.Nc5 f5 25.Rfd1 Qd5 26.e4 Qa2 27.Nd3 fxe4 28.fxe4 Qb3
29.Rd2 b4 30.axb4 Be7 31.h4 Bxb4 32.Rdd1 Bd6 33.Ra1 Qc2+ 34.Nf2 Bb4 35.Rdc1 Qxb2
36.Rcb1 Qc3 37.Rxa4 Bc5 38.Ra2 d3 39.Rd1 Bxf2 40.Rxf2 Qc4 41.Kf3 Qf7+ 42.Ke3 Qa7+  1/2-1/2

[Event "3rd Senica Open"]
[Site "Senica SVK"]
[Date "2011.08.23"]
[Round "4.20"]
[White "Kimerling,M"]
[Black "Karas,Marek"]
[Result "1-0"]
[WhiteElo "2047"]
[BlackElo "1741"]

1.d4 e6 2.c4 d5 3.Nf3 Nf6 4.g3 Be7 5.Bg2 O-O 6.O-O c6 7.Qc2 Nbd7 8.Nbd2 b6
9.e4 dxe4 10.Nxe4 Nxe4 11.Qxe4 Bb7 12.Bf4 Nf6 13.Qe2 Bd6 14.Ne5 Qc7 15.Rfd1 Nd7
16.c5 Bxe5 17.cxb6 axb6 18.Bxe5 Nxe5 19.Qxe5 Qxe5 20.dxe5 Rad8 21.Rac1 Rxd1+
22.Rxd1 Rc8 23.Rd7 Ba8 24.Ra7 g5 25.a4 Rb8 26.b4 Rc8 27.b5 Kg7 28.Ra6 h6
29.Kf1 Kg6 30.Be4+ f5 31.exf6 Kxf6 32.Rxb6 cxb5 33.Bxa8 Rxa8 34.axb5 Ra1+
35.Ke2 Rb1 36.Rb8 Ke5 37.b6 Rb3 38.b7 Rb6 39.f4+ gxf4 40.gxf4+ Ke4 41.f5 Rb2+
42.Kd1  1-0

[Event "Bent Larsen ITT"]
[Site "Buenos Aires ARG"]
[Date "2011.08.24"]
[Round "1"]
[White "Perelman,H"]
[Black "Antonio,J"]
[Result "1/2-1/2"]
[WhiteElo "2335"]
[BlackElo "2314"]

1.d4 Nf6 2.Nf3 e6 3.c4 d5 4.g3 Be7 5.Bg2 c6 6.Qc2 O-O 7.O-O Nbd7 8.Nbd2 b5
9.c5 a5 10.a3 Qc7 11.e4 e5 12.exd5 Nxd5 13.Ne4 h6 14.Re1 exd4 15.Nxd4 N7f6  1/2-1/2

[Event "20th Kaerntner Chess Summer"]
[Site "Feffernitz AUT"]
[Date "2011.08.24"]
[Round "5"]
[White "Arztmann,W"]
[Black "Drnovsek,G"]
[Result "1-0"]
[WhiteElo "2146"]
[BlackElo "2021"]

1.d4 Nf6 2.c4 e6 3.g3 d5 4.Nf3 Be7 5.Bg2 O-O 6.O-O b6 7.Nc3 Bb7 8.Ne5 Nbd7
9.Qa4 Nxe5 10.dxe5 Ne4 11.Nxe4 dxe4 12.Rd1 Qe8 13.Qc2 Qc6 14.Rd4 Qc5 15.Rd7 Bc8
16.Be3 Qxe5 17.Bd4 Qh5 18.Rxe7 Qg5 19.Bxe4 Rb8 20.Rxc7 Qd8 21.Be5 f6 22.Rd1  1-0

[Event "31st Presolana Open"]
[Site "Presolana ITA"]
[Date "2011.08.25"]
[Round "6.5"]
[White "Sertic,Ru"]
[Black "Panchanathan,M"]
[Result "0-1"]
[WhiteElo "2406"]
[BlackElo "2556"]

1.d4 Nf6 2.c4 e6 3.g3 d5 4.Nf3 Be7 5.Bg2 O-O 6.O-O dxc4 7.Qc2 a6 8.Qxc4 b5
9.Qc2 Bb7 10.Bd2 Bd6 11.Re1 Be4 12.Qb3 Nc6 13.e3 Bd5 14.Qd1 Nb4 15.Nc3 Bxf3
16.Qxf3 Nc2 17.Qxa8 Qxa8 18.Bxa8 Rxa8 19.Rac1 Nxe1 20.Bxe1 e5 21.dxe5 Bxe5
22.Ne2 Bxb2 23.Rxc7 h5 24.Rc6 Rd8 25.Nd4 Bxd4 26.exd4 Re8 27.Kf1 Re6 28.Rxe6 fxe6
29.Bd2 Kf7 30.f3 Nd5 31.Ke2 Ke7 32.Kd3 Kd6 33.h3 Nf6 34.Bf4+ Kd5 35.Be5 Ne8
36.Bf4 Nd6 37.g4 g6 38.Bg5 a5 39.Bd8 Nc4 40.Be7 b4 41.Bf8 Na3 42.f4 Nb5 43.Bc5 Nc3
44.a3 Na2 45.axb4 Nxb4+ 46.Kc3 Ke4 47.gxh5 gxh5 48.Bd6 Nd5+ 49.Kc4 Nxf4 50.h4 Ne2
51.Bc5 a4 52.Kb4 Nxd4 53.Kxa4 Nf5 54.Bf2 Kf3 55.Be1 Ke2 56.Bc3 Nxh4 57.Kb4 Nf3  0-1

[Event "31st Presolana Open"]
[Site "Presolana ITA"]
[Date "2011.08.25"]
[Round "6.8"]
[White "Juhasz,Kr"]
[Black "Melia,S"]
[Result "1/2-1/2"]
[WhiteElo "2334"]
[BlackElo "2437"]

1.Nf3 Nf6 2.c4 e6 3.g3 d5 4.d4 Be7 5.Bg2 O-O 6.Nc3 dxc4 7.Ne5 Nc6 8.Bxc6 bxc6
9.Nxc6 Qe8 10.Nxe7+ Qxe7 11.Qa4 c5 12.Qxc4 cxd4 13.Qxd4 e5  1/2-1/2

[Event "XVI Seahorse Open A"]
[Site "Rewal POL"]
[Date "2011.08.26"]
[Round "7"]
[White "Nguyen,P"]
[Black "Strzemiecki,Z"]
[Result "1/2-1/2"]
[WhiteElo "2378"]
[BlackElo "2420"]

1.d4 Nf6 2.c4 e6 3.g3 d5 4.Nf3 Be7 5.Bg2 O-O 6.O-O c5 7.cxd5 Nxd5 8.e4 Nb6
9.Nc3 cxd4 10.Nxd4 e5 11.Ndb5 Bd7 12.a4 a6 13.Na3 Nc6 14.Be3 Nd4 15.Bxd4 exd4
16.Qxd4 Bxa4 17.Nd5 Nxd5 18.Qxa4 Nb6 19.Qa5 Nd7 20.Nc4 Rc8 21.Rfc1 Bf6 22.Qxd8 Rfxd8
23.Bh3 b5 24.Ne3 Rxc1+ 25.Rxc1 Nf8 26.Rc2 Rd4 27.Bg2 g6 28.Kf1 Ne6 29.Nd5 Rd1+
30.Ke2 Rxd5  1/2-1/2

[Event "1st Alghero Open"]
[Site "Alghero ITA"]
[Date "2011.08.27"]
[Round "2.3"]
[White "Gleizerov,E"]
[Black "Paikidze,N"]
[Result "1-0"]
[WhiteElo "2590"]
[BlackElo "2416"]

1.d4 Nf6 2.c4 e6 3.g3 d5 4.Nf3 Be7 5.Bg2 O-O 6.O-O dxc4 7.Qc2 b5 8.a4 b4
9.Nfd2 c6 10.Nxc4 Qxd4 11.Be3 Qd8 12.Rd1 Nd5 13.Bd4 Nd7 14.e4 b3 15.Qxb3 Nb4
16.Qc3 f6 17.e5 Nxe5 18.Nba3 Nd7 19.Qe3 Kh8 20.f4 Nd5 21.Qe2 Nc5 22.Rab1 Nxa4
23.Be4 Nab6 24.Qh5 f5 25.Bg2 Qe8 26.Qf3 Ba6 27.Rbc1 Rc8 28.Re1 Bb4 29.Red1 Kg8
30.Qf2 Qd8 31.Ne5 c5 32.Bxc5 Bxc5 33.Rxc5 Rxc5 34.Qxc5 Qc8 35.b4 Bb7 36.Nb5 Qb8
37.Ra1 a6 38.Bxd5 Nxd5 39.Nd7 Qe8 40.Qxf8+ Qxf8 41.Nxf8 axb5 42.Nxe6  1-0

[Event "ch-FRA Accession"]
[Site "Caen FRA"]
[Date "2011.08.27"]
[Round "11.8"]
[White "Bellahcene,B"]
[Black "Samoun,F"]
[Result "1/2-1/2"]
[WhiteElo "2231"]
[BlackElo "2175"]

1.d4 e6 2.c4 d5 3.Nf3 Nf6 4.g3 Be7 5.Bg2 O-O 6.O-O dxc4 7.Qc2 a6 8.a4 Nbd7
9.Qxc4 b5 10.Qc2 Bb7 11.Bf4 c5 12.Nbd2 Rc8 13.axb5 cxd4 14.Qd3  1/2-1/2

[Event "10th Sunny Beach Open"]
[Site "Sunny Beach BUL"]
[Date "2011.08.27"]
[Round "1.37"]
[White "Todorov,O"]
[Black "Ivanova,Si"]
[Result "1-0"]
[WhiteElo "2308"]
[BlackElo "1914"]

1.d4 d5 2.Nf3 Nf6 3.c4 e6 4.g3 Be7 5.Bg2 O-O 6.Qc2 c6 7.O-O Nbd7 8.Nbd2 Re8
9.e4 dxe4 10.Nxe4 Nxe4 11.Qxe4 Nf6 12.Qe2 Bd6 13.Rd1 Qe7 14.Ne5 Nd7 15.Bf4 f6
16.c5 Bxe5 17.dxe5 Qxc5 18.exf6 Nxf6 19.Be5 Ng4 20.Bd6 Qh5 21.h3 Nf6 22.g4 Qf7
23.Be5 Nd5 24.Rd4 c5 25.Re4 Bd7 26.Re1 Rac8 27.g5 Bc6 28.Bg3 Nc7 29.Rf4 Qg6
30.Bxc6 bxc6 31.h4 Nd5 32.Re4 Re7 33.Bd6 Ree8 34.Bxc5 Nf6 35.Rxe6 h6 36.Bd4 hxg5
37.Bxf6 gxh4+ 38.Kh2 Rf8 39.Rg1 Qxf6 40.Rxf6 Rxf6 41.Rg4 Rcf8 42.Qc4+  1-0